000 00513nam a2200169Ia 4500
003 GCL
008 140319s9999 xx 000 0 eng d
040 _aGCL /
_cGCL
082 0 4 _a938.5
_bJ W
100 1 _aJOINT ASSOIATION OF CLASSICAL TECHERS
245 1 0 _aTHE WORLD OF ATHENS: AN INTRODUCTION TO CLASSICAL ATHENIN CULTURE /
_cJOINT ASSOIATION OF CLASSICAL TECHERS
260 _a[S.N] :
_bCAMBRIDGE UNIVERSITY PRESS ،
_c1992
300 _a407 P
650 0 4 _aHISTORY
650 0 4 _aATHENS
942 _2ddc
_cBK
999 _c24603
_d24603